01175nam a2200289 a 4500001001000000003000900010005001700019008004100036020001500077040002500092082001700117100004200134245015400176260011400330300002800444500007000472500007300542504003100615650002400646650003400670650002800704650003600732650003000768650001500798700003000813700004200843000007117DO-SdBNP20260421091200.0090904s2001 dr a 000 0 spa d a9993401978 aDO-SdBNPbspacBNPHU a324.7bR173f1 aRamírez Morillo, Belarminio,d1964-10aFundamentos de marketing político /cBelarminio Ramírez Morillo ; prólogo Abraham Medina ; presentación José Nicolás Almánzar García. aSanto Domingo :bEdiciones de la Fundación de Estudios Sociopolíticos, Jurídicos y Económicos,c2001. a167 p. :bil. ;c22 cm. aIncluye datos biográficos del autor en la solapa de la cubierta aIncluye referencias bibliográficas y notas al pie de las páginas aBibliografía: p. 161-167 4aMercadeo político 4aComunicanción en política 0aTácticas políticas  0aMercadotecnia xPlanificación 4aPronósticos electorales 4aPropaganda1 aMedina, Abraham,epról.1 aAlmánzar García, José Nicolás